[Event "62nd ch-IND 2025"]
[Site "Guntur IND"]
[Date "2025.09.24"]
[Round "4.20"]
[White "Jihan Tejas Shah"]
[Black "Ravi, Teja S."]
[Result "0-1"]
[BlackTitle "IM"]
[WhiteElo "2109"]
[BlackElo "2410"]
[WhiteFideId "33370109"]
[BlackFideId "5017220"]
[EventDate "2025.09.21"]

1. d4 d5 2. c4 e6 3. Nc3 Nf6 4. cxd5 exd5 5. Bg5 c6 6. e3 Be7 7. Bd3 h6 8. Bh4
O-O 9. Qc2 Re8 10. Nge2 a5 11. O-O Na6 12. a3 Nc7 13. f3 Ne6 14. Bf2 b5 15. Kh1
Ba6 16. Ng3 Qb6 17. Nf5 Bf8 18. Bh4 Nd7 19. Bg3 b4 20. Ne2 c5 21. Bxa6 b3 22.
Qd2 Qxa6 23. dxc5 Nexc5 24. Nc3 Nb6 25. Qd4 Qc4 26. Rfd1 Qxd4 27. Rxd4 g6 28.
Bc7 Nbd7 29. Nd6 Rxe3 30. Rxd5 Ne6 31. Nc4 Nxc7 32. Rxd7 Re7 33. Rad1 Rxd7 34.
Rxd7 Ne6 35. Rb7 Nc5 36. Rb5 a4 37. g3 Rc8 38. Kg2 Nd7 39. Ne3 Rxc3 40. bxc3
Bxa3 41. Nc4 Bc1 42. Kf1 a3 43. Nxa3 Bxa3 44. Rxb3 Bd6 45. Rb7 Nc5 46. Rb6 Bc7
47. Rc6 Ne6 48. Ke2 h5 49. f4 Kf8 50. Kf3 Ke7 51. Ra6 Nc5 52. Ra2 Bd6 53. Re2+
Kd7 54. Ra2 Ke6 55. h3 f6 56. Re2+ Kd7 57. Rg2 Ne6 58. Rd2 Ke7 59. Re2 h4 60. f5
gxf5 61. gxh4 Be5 62. Ra2 Bxc3 63. Ra7+ Kf8 64. h5 Bd2 65. h4 Ng7 66. Ra8+ Ne8
67. Ra7 Ng7 68. Ra8+ Ne8 69. Ra7 Bc1 70. Rb7 Nd6 71. Rd7 Nf7 72. Rd1 Ne5+ 73.
Ke2 Bh6 74. Ra1 f4 75. Ra8+ Kf7 76. Ra7+ Ke6 77. Ra8 f3+ 78. Kf2 Kf5 79. Ra4 Bf8
80. Kg3 Bh6 81. Kf2 Bf4 82. Rd4 Bc1 83. Ra4 Bd2 84. Rd4 Ba5 85. Ra4 Bb6+ 86. Kg3
Be3 87. Rb4 f2 88. Kg2 Nf3 89. Rb5+ Kg4 90. Rb4+ Kxh5 91. Rb5+ Kxh4 92. Rf5 Ne1+
93. Kf1 Bg5 94. Kxf2 Nd3+ 95. Kf3 Ne5+ 96. Ke4 Nf7 97. Rf1 Kh5 98. Kf3 f5 99.
Re1 Bh6 100. Re7 Kg6 101. Re6+ Kg5 102. Re1 f4 103. Ke4 Nd6+ 104. Kf3 Kf5 105.
Re7 Bg5 106. Rc7 Bf6 107. Rc5+ Be5 108. Rc7 Ne4 109. Rf7+ Bf6 110. Rb7 Ng5+ 111.
Kg2 f3+ 112. Kf1 Ne4 113. Rb5+ Kf4 114. Rd5 Ke3 115. Kg1 Ng3 116. Rd1 Ke2 117.
Rb1 f2+ 118. Kg2 f1=Q+ 119. Rxf1 Nxf1 120. Kh1 Kf3 121. Kg1 Ne3 122. Kh1 Ng4
123. Kg1 Be5 124. Kh1 Nf2+ 125. Kg1 Bd6 126. Kf1 Bh2 127. Ke1 Ne4 128. Kd1 Ke3
129. Kc2 Nd2 130. Kc3 Bd6 131. Kc2 Be5 132. Kd1 Kd3 133. Ke1 Bg3+ 134. Kd1 Nc4
135. Kc1 Bf2 136. Kd1 Nb2+ 137. Kc1 Kc3 138. Kb1 Kb3 139. Kc1 Be3+ 140. Kb1 Nc4
141. Ka1 Bf4 142. Kb1 Na3+ 143. Ka1 Be5# 0-1

[Event "62nd ch-IND 2025"]
[Site "Guntur IND"]
[Date "2025.09.24"]
[Round "4.21"]
[White "Deepan, Chakkravarthy J."]
[Black "Chidvilash, Sai Surapaneni"]
[Result "1-0"]
[WhiteTitle "GM"]
[BlackTitle "CM"]
[WhiteElo "2407"]
[BlackElo "2124"]
[WhiteFideId "5011132"]
[BlackFideId "25748530"]
[EventDate "2025.09.21"]

1. e4 c6 2. Nf3 d5 3. Nc3 dxe4 4. Nxe4 Nf6 5. Nxf6+ exf6 6. g3 Bd6 7. Bg2 O-O 8.
O-O Re8 9. Re1 Be6 10. b3 a5 11. a3 Nd7 12. Nd4 Nf8 13. Nxe6 fxe6 14. d4 e5 15.
Bb2 Qc7 16. Qh5 Qf7 17. Qxf7+ Kxf7 18. dxe5 Bxe5 19. Bxe5 Rxe5 20. Rxe5 fxe5 21.
Rd1 Ke7 22. Bh3 Rd8 23. Rxd8 Kxd8 24. Kg2 h6 25. Bf5 g6 26. Be4 Ke7 27. Kf3 Kf6
28. Ke3 Ne6 29. b4 axb4 30. axb4 g5 31. c3 Nc7 32. Kd3 Nb5 33. Bg2 Nd6 34. c4 g4
35. c5 Nb5 36. h3 h5 37. h4 Nc7 38. Be4 Nd5 39. Kc4 Ke6 40. Bg6 Nf6 41. Bc2 Kd7
42. b5 Kc7 43. Bg6 Kc8 44. Bf5+ Kc7 45. b6+ Kd8 46. Kd3 Nd7 47. Ke4 Nxc5+ 48.
Kxe5 Ke7 49. Bg6 Nd7+ 50. Kf4 Nxb6 51. Bxh5 Kf6 52. Bxg4 Nd5+ 53. Ke4 Ne7 54.
Be2 Nf5 55. h5 b5 56. g4 Nd6+ 57. Kf4 Nf7 58. Ke3 Kg5 59. f4+ Kh4 60. Ke4 c5 61.
Kf5 Nh6+ 62. Kg6 Nxg4 63. Bxg4 Kxg4 64. h6 b4 65. h7 b3 66. h8=Q 1-0

[Event "62nd ch-IND 2025"]
[Site "Guntur IND"]
[Date "2025.09.24"]
[Round "4.22"]
[White "Sanjay, S Pillai"]
[Black "Sidhant, Mohapatra"]
[Result "0-1"]
[BlackTitle "IM"]
[WhiteElo "2074"]
[BlackElo "2384"]
[WhiteFideId "25043943"]
[BlackFideId "5028698"]
[EventDate "2025.09.21"]

1. e4 e5 2. Nf3 Nc6 3. Bc4 Nf6 4. d3 Be7 5. O-O O-O 6. Nc3 d6 7. a4 Na5 8. Ba2
c5 9. Bg5 Nc6 10. Bxf6 Bxf6 11. Nd5 Be6 12. c3 g6 13. Qd2 Bg7 14. Qg5 h6 15. Qf6
Qe7 16. Qxe7 Rac8 17. Qd8 Rcxd8 18. Rfb1 Rd7 19. b4 cxb4 20. cxb4 Bxd5 21. Bxd5
Rc8 22. Bxc6 Rxc6 23. Rc1 Rdc7 24. Rxc6 Rxc6 25. Kf1 Rc2 26. Ne1 Rb2 27. b5 Bf6
28. Rc1 Kg7 29. Rc2 Rb1 30. Ke2 Bd8 31. Nf3 Ra1 32. Nd2 Rxa4 33. Nc4 Be7 34. Ne3
Ra5 35. Nd5 Bd8 36. Rc8 Bg5 37. b6 axb6 38. Rc7 Ra2+ 39. Kf3 Bd2 40. Rxb7 Be1
41. Rxb6 Rxf2+ 42. Ke3 Rxg2 43. Rxd6 Rxh2 44. Kf3 h5 45. Rd7 g5 46. Ne3 g4+ 47.
Nxg4 hxg4+ 48. Kxg4 Bf2 49. Kf5 Bd4 50. Rb7 Rf2+ 51. Kg5 Rb2 52. Rd7 Rb3 53. Kf5
Rxd3 54. Kg4 Re3 55. Rd6 Rxe4+ 56. Kg5 Re1 57. Kf5 Rf1+ 58. Kg5 f6+ 59. Kh5 Rh1+
60. Kg4 Kg6 61. Kf3 Kf5 62. Kg2 Rg1+ 63. Kf3 e4+ 64. Ke2 Rg2+ 65. Kf1 Rf2+ 66.
Ke1 Be3 67. Ra6 Ke5 68. Ra5+ Kf4 69. Ra6 f5 70. Ra1 Kf3 71. Ra3 Rc2 72. Ra1 Rc1+ 0-1

[Event "62nd ch-IND 2025"]
[Site "Guntur IND"]
[Date "2025.09.24"]
[Round "4.23"]
[White "Vedant Rupeshbhai Varasada"]
[Black "Viani, Antonio Dcunha"]
[Result "0-1"]
[WhiteTitle "CM"]
[BlackTitle "IM"]
[WhiteElo "2044"]
[BlackElo "2355"]
[WhiteFideId "25156527"]
[BlackFideId "5027330"]
[EventDate "2025.09.21"]

1. d4 Nf6 2. c4 e6 3. Nc3 Bb4 4. e3 O-O 5. Bd3 d5 6. a3 Bxc3+ 7. bxc3 dxc4 8.
Bxc4 c5 9. Nf3 Qc7 10. Be2 Nc6 11. O-O Rd8 12. Qc2 e5 13. dxe5 Nxe5 14. c4 Nfg4
15. g3 Qc6 16. Nxe5 Nxe5 17. f4 Bh3 18. Rf2 Ng4 19. Bf3 Qe6 20. Re2 Qxc4 21.
Bxg4 Qxc2 22. Rxc2 Bxg4 23. Rxc5 Rd1+ 24. Kf2 Rad8 25. Rc2 Rh1 26. Kg2 Rdd1 27.
e4 Rdf1 0-1

[Event "62nd ch-IND 2025"]
[Site "Guntur IND"]
[Date "2025.09.24"]
[Round "4.24"]
[White "Shivamshika G"]
[Black "Subhayan, Kundu"]
[Result "0-1"]
[BlackTitle "IM"]
[WhiteElo "1981"]
[BlackElo "2352"]
[WhiteFideId "33384959"]
[BlackFideId "5094801"]
[EventDate "2025.09.21"]

1. d4 Nf6 2. c4 e6 3. Nc3 Bb4 4. f3 c5 5. d5 b5 6. e4 d6 7. Bd2 a6 8. Nge2 O-O
9. Nf4 exd5 10. Ncxd5 Nxd5 11. Nxd5 Bxd2+ 12. Qxd2 Nc6 13. Be2 Nd4 14. O-O f5
15. Bd3 Kh8 16. Rac1 bxc4 17. Bxc4 a5 18. Nc3 Rb8 19. Ne2 Nc6 20. exf5 Bxf5 21.
Rfd1 Rf6 22. Ng3 Nd4 23. Ne2 Nc6 24. Ng3 Bg6 25. Bd5 Ne5 26. Be4 Qb6 27. h3 h6
28. f4 Nc6 29. Bxc6 Qxc6 30. b3 Rb4 31. f5 Bf7 32. Qe3 a4 33. Qe1 Qb7 34. bxa4
Rxa4 35. Rd2 Qc6 36. Qe7 Ra8 37. Rb2 Re8 38. Qa7 Qd5 39. Qa4 c4 40. Rd1 Qe5 41.
Re2 Qc5+ 42. Kh2 Rxe2 43. Nxe2 Qe5+ 44. Ng3 d5 45. Qa8+ Kh7 46. Qc8 h5 47. h4
Qf4 48. Rb1 Qxh4+ 49. Kg1 Qxg3 50. Rb8 Qe1+ 51. Kh2 Qe5+ 52. Kg1 Qxf5 0-1

[Event "62nd ch-IND 2025"]
[Site "Guntur IND"]
[Date "2025.09.24"]
[Round "4.25"]
[White "Pradeep, Tiwari"]
[Black "Nitin, S."]
[Result "0-1"]
[BlackTitle "IM"]
[WhiteElo "1952"]
[BlackElo "2316"]
[WhiteFideId "5045436"]
[BlackFideId "5018277"]
[EventDate "2025.09.21"]

1. d4 Nf6 2. Nf3 g6 3. g3 Bg7 4. Bg2 O-O 5. c4 d6 6. Nc3 Nbd7 7. O-O e5 8. e4
exd4 9. Nxd4 Re8 10. h3 a6 11. Be3 Rb8 12. Rc1 Ne5 13. b3 c5 14. Nde2 b5 15. f4
Ned7 16. Qd3 Bb7 17. g4 b4 18. Nd5 Nxd5 19. exd5 a5 20. Rf3 a4 21. Qc2 Ra8 22.
Bf2 Qa5 23. Ng3 axb3 24. axb3 Qa2 25. Qd3 Qb2 26. Rb1 Qc3 27. Qd1 Qf6 28. g5 Qd8
29. Rd3 Ra2 30. h4 f5 31. h5 Nf8 32. hxg6 hxg6 33. Bf3 Qd7 34. Kg2 Qe7 35. Rd2
Rea8 36. Rxa2 Rxa2 37. Qd3 Qe8 38. Kf1 Qa8 39. Re1 Qd8 40. Bd1 Bc3 41. Re2 Ra1
42. Be1 Bh8 43. Bc2 Qd7 44. Bb1 Qh7 45. Kg2 Qh4 46. Bd2 Bd4 47. Re1 Qg4 48. Re7
Bc8 49. Re1 Ba6 50. Re2 Bxc4 51. Qxc4 Rxb1 52. Bc1 Ra1 53. Qc2 Ra7 54. Qd3 Rh7
55. Be3 Rh3 56. Bf2 Qh4 57. Bxd4 cxd4 58. Rf2 Rh2+ 59. Kg1 Rxf2 60. Kxf2 Qxf4+
61. Ke1 Qc1+ 0-1

[Event "62nd ch-IND 2025"]
[Site "Guntur IND"]
[Date "2025.09.24"]
[Round "4.26"]
[White "Vignesh, B"]
[Black "Deshmukh, Anup"]
[Result "1-0"]
[BlackTitle "IM"]
[WhiteElo "2288"]
[BlackElo "2099"]
[WhiteFideId "35051555"]
[BlackFideId "5000564"]
[EventDate "2025.09.21"]

1. c4 e5 2. Nc3 Nf6 3. g3 c6 4. Bg2 d5 5. d3 d4 6. Nb1 Bd6 7. Nf3 h6 8. O-O O-O
9. e4 dxe3 10. Bxe3 Ng4 11. Nc3 Nxe3 12. fxe3 f5 13. Kh1 Nd7 14. d4 e4 15. Nh4
Nf6 16. Nxf5 Bxf5 17. Rxf5 Qd7 18. Rf1 Rae8 19. Qe2 h5 20. c5 Bb8 21. Qc4+ Kh8
22. Nxe4 Nxe4 23. Bxe4 Bxg3 24. Qe2 Qh3 25. Bg6 Bxh2 26. Qxh5+ Qxh5 27. Bxh5
Rxf1+ 28. Rxf1 Rxe3 29. Kxh2 Kh7 30. Bf3 1-0

[Event "62nd ch-IND 2025"]
[Site "Guntur IND"]
[Date "2025.09.24"]
[Round "4.27"]
[White "Sharnarthi Viresh"]
[Black "Nirvan Bhamidi"]
[Result "1-0"]
[WhiteElo "2281"]
[BlackElo "2098"]
[WhiteFideId "25978055"]
[BlackFideId "33386722"]
[EventDate "2025.09.21"]

1. d4 Nf6 2. Nf3 e6 3. g3 b6 4. Bg2 Bb7 5. O-O c5 6. c4 cxd4 7. Nxd4 Bxg2 8.
Kxg2 a6 9. Nc3 Qc7 10. Bg5 Be7 11. e4 O-O 12. Rc1 d6 13. f4 h6 14. Bh4 Nbd7 15.
f5 e5 16. Nd5 Nxd5 17. cxd5 Nc5 18. Bxe7 Qxe7 19. f6 Qd8 20. Qg4 g5 21. Nc6 Qe8
22. Ne7+ Kh7 23. Qf5+ Kh8 24. Qh3 1-0

[Event "62nd ch-IND 2025"]
[Site "Guntur IND"]
[Date "2025.09.24"]
[Round "4.28"]
[White "Parv H Hakani"]
[Black "Aditya, Varun Gampa"]
[Result "0-1"]
[BlackTitle "FM"]
[WhiteElo "1742"]
[BlackElo "2273"]
[WhiteFideId "33417539"]
[BlackFideId "45066183"]
[EventDate "2025.09.21"]

1. e4 d5 2. exd5 Qxd5 3. Nc3 Qa5 4. d4 Nf6 5. Nf3 Bf5 6. Bd3 Bxd3 7. Qxd3 c6 8.
O-O e6 9. Bf4 Nbd7 10. Rfe1 Be7 11. Ne5 O-O 12. Nxd7 Nxd7 13. Ne4 Rfd8 14. Qg3
Qf5 15. Bc7 Re8 16. Rad1 Nf6 17. Be5 Qg6 18. Bxf6 Qxg3 19. hxg3 gxf6 20. g4 Rad8
21. c3 Rd7 22. Rd3 Red8 23. Rf3 Kg7 24. Ng3 Kg6 25. Nh5 Kg5 26. Nf4 c5 27. d5 e5
28. Nh3+ Kg6 29. c4 b5 30. b3 Bf8 31. Rd3 Rb8 32. Re2 bxc4 33. bxc4 Rb1+ 34. Kh2
Bd6 35. Rc3 Rdb7 36. Rcc2 f5 37. gxf5+ Kxf5 38. g3 h5 39. f3 Kg6 40. Nf2 f5 41.
Kh3 Kf6 42. Nd3 Rg7 43. Rf2 e4 44. Nf4 Bxf4 45. gxf4 e3 46. Rfe2 Rh1+ 47. Rh2
Rf1 48. Kh4 Rxf3 49. Rhg2 Rg4+ 50. Rxg4 hxg4 0-1

[Event "62nd ch-IND 2025"]
[Site "Guntur IND"]
[Date "2025.09.24"]
[Round "4.29"]
[White "Vakada Sriram Jayin"]
[Black "Sriansh Das"]
[Result "0-1"]
[BlackTitle "FM"]
[WhiteElo "1685"]
[BlackElo "2245"]
[WhiteFideId "33330530"]
[BlackFideId "45030081"]
[EventDate "2025.09.21"]

1. c4 e5 2. g3 Nf6 3. Bg2 d5 4. cxd5 Nxd5 5. Nc3 Nb6 6. Nf3 Nc6 7. O-O Be7 8. d3
Be6 9. Be3 O-O 10. d4 exd4 11. Nxd4 Nxd4 12. Bxd4 c5 13. Be3 Nc4 14. Qc1 Qb6 15.
b3 Nxe3 16. Qxe3 Bf6 17. Rad1 Bd4 18. Qc1 Bxc3 19. Qxc3 Rfd8 20. h4 a5 21. Rxd8+
Rxd8 22. Rc1 Rc8 23. Qf3 Rc7 24. Rd1 Re7 25. Qf4 Re8 26. Qe4 Qb5 27. Qd3 c4 28.
bxc4 Bxc4 29. Qd7 Qxd7 30. Rxd7 b5 31. Ra7 a4 32. Rb7 g6 33. e3 Rd8 34. Bc6 Rd1+
35. Kh2 Rd2 36. a3 Rxf2+ 37. Kg1 Rb2 38. e4 b4 0-1

[Event "62nd ch-IND 2025"]
[Site "Guntur IND"]
[Date "2025.09.24"]
[Round "4.30"]
[White "Bhoir Paras Dilip"]
[Black "Andalamala Hemal Varshan"]
[Result "1/2-1/2"]
[WhiteElo "2219"]
[BlackElo "1998"]
[WhiteFideId "25763695"]
[BlackFideId "33315957"]
[EventDate "2025.09.21"]

1. e4 c5 2. Nf3 g6 3. c3 Nc6 4. Bb5 Qb6 5. a4 a6 6. Be2 Bg7 7. Na3 d6 8. Nc4 Qc7
9. a5 Nf6 10. Nb6 Rb8 11. Qa4 Bd7 12. Nxd7 Qxd7 13. O-O O-O 14. d3 b5 15. axb6
Rxb6 16. Nd2 e6 17. Nc4 Rb7 18. Bf3 d5 19. exd5 exd5 20. Bg5 Rc8 21. Bxf6 Bxf6
22. Na5 Rxb2 23. Bg4 Qc7 24. Bxc8 Nxa5 25. Bxa6 Bxc3 26. Rab1 Rxb1 27. Rxb1 Nc6
28. Bb7 Nb4 29. Bxd5 Bd4 30. Bc4 Qf4 31. Rf1 Kg7 32. Qa8 h5 33. g3 Qf6 34. Qe4
Nc6 35. Bd5 Ne5 36. h3 Qg5 37. Kh2 f5 38. Qe2 h4 39. Bg2 Qf6 40. Kh1 f4 41. gxf4
Qxf4 42. Be4 Kh6 43. f3 Kg7 44. Qh2 Qe3 45. Qg2 Qf4 46. Rd1 Qe3 47. Qd2 Kf6 48.
Qxe3 Bxe3 49. Re1 Bf4 50. Kg2 Kg5 51. Re2 Bc1 52. Rc2 Be3 53. Ra2 Bd4 54. Ra6
Kf4 55. Bxg6 Nxf3 56. Be4 Ne5 57. Kf1 Ke3 58. Ra2 Bc3 59. Re2+ Kf4 60. Bh7 Bd4
61. Rg2 Ke3 62. Re2+ Kf3 63. Re4 Nxd3 64. Rxh4 Nf4 65. Bf5 c4 66. Rh7 c3 67. Rd7
Be3 68. h4 Bd2 69. Rg7 Nh5 70. Bg4+ Kf4 71. Bxh5 c2 72. Rc7 c1=Q+ 73. Rxc1 Bxc1
74. Kg2 Ke5 1/2-1/2

[Event "62nd ch-IND 2025"]
[Site "Guntur IND"]
[Date "2025.09.24"]
[Round "4.31"]
[White "Dhulipalla, Bala Chandra Prasad"]
[Black "Sahu, Sekhar Chandra"]
[Result "1-0"]
[WhiteTitle "IM"]
[BlackTitle "IM"]
[WhiteElo "2446"]
[BlackElo "1980"]
[WhiteFideId "25005812"]
[BlackFideId "5000157"]
[EventDate "2025.09.21"]

1. d4 Nf6 2. Nf3 d5 3. Bf4 c5 4. e3 Nc6 5. c3 Qb6 6. Qc2 cxd4 7. exd4 g6 8. Nbd2
Bf5 9. Qb3 Rc8 10. h3 Bg7 11. Be2 O-O 12. O-O Rfd8 13. Rfe1 Na5 14. Qxb6 axb6
15. Bf1 Bf8 16. g4 Bd7 17. Ne5 Be8 18. a4 Nc6 19. Nd3 Kg7 20. Nb3 Na5 21. Nxa5
bxa5 22. Be5 Kg8 23. Nc5 Bc6 24. Bb5 Nd7 25. Bxc6 Nxc5 26. Bb5 Nd7 27. Bg3 g5
28. h4 h6 29. Kg2 Nf6 30. f3 e6 31. Bd3 Be7 32. Rh1 Bf8 33. Rae1 Bg7 34. hxg5
hxg5 35. Re5 Kf8 36. Rxg5 Ne8 37. Rh7 Bf6 38. Rgh5 Bg7 39. Rh1 Kg8 40. g5 Nd6
41. Rxg7+ 1-0

[Event "62nd ch-IND 2025"]
[Site "Guntur IND"]
[Date "2025.09.24"]
[Round "4.32"]
[White "Challa Saharsha"]
[Black "Krishna, C R G"]
[Result "1-0"]
[BlackTitle "IM"]
[WhiteElo "2014"]
[BlackElo "2440"]
[WhiteFideId "25168525"]
[BlackFideId "5018625"]
[EventDate "2025.09.21"]

1. e4 e6 2. d4 d5 3. Nc3 Nf6 4. Bg5 dxe4 5. Nxe4 Nbd7 6. Nf3 Be7 7. Nxf6+ Bxf6
8. Be3 c5 9. c3 cxd4 10. Nxd4 O-O 11. Be2 a6 12. O-O Qc7 13. Qc2 Nb6 14. c4 Rd8
15. Rfd1 Bd7 16. Rac1 Rac8 17. b3 g6 18. Bf3 Bg7 19. Qe2 Be8 20. Nc2 Rxd1+ 21.
Rxd1 Nd7 22. g3 Ne5 23. Bg2 Bc6 24. Bf4 Bxg2 25. Kxg2 h6 26. Bxe5 Bxe5 27. Qd3
Kf8 28. Qe3 h5 29. Nb4 Bf6 30. Qf3 Kg7 31. h4 Rb8 32. Nc2 Re8 33. Ne3 Rd8 34.
Rxd8 Bxd8 35. Qe4 Bf6 36. Kf3 b6 37. Qa8 a5 38. Qe4 Qd6 39. Ke2 Qa3 40. Qc2 Bd4
41. Qd2 Qc5 42. Qd3 Qe5 43. Kf3 Bc5 44. Ke2 Qa1 45. Qc2 Kf6 46. Kf3 Ke7 47. Ke2
Bd4 48. Qd2 Bc5 49. Qc2 Kf8 50. Qd2 Ke8 51. Qc2 Ke7 52. Qd2 Bb4 53. Qc2 Bc3 54.
Nd1 Bd4 55. Qd2 f6 56. Qc2 Kf7 57. Qd2 Ke7 58. Qc2 g5 59. hxg5 fxg5 60. Ne3 Bxe3
61. fxe3 Kf6 62. Kf2 Qh1 63. Qc3+ e5 64. c5 Qh2+ 65. Kf1 bxc5 66. Qxc5 Qh3+ 67.
Kf2 Qh2+ 68. Kf1 Kf5 69. Qxa5 Qxg3 70. Qd2 Qh3+ 71. Kg1 Qg3+ 72. Kf1 Ke4 73. a4
Qxe3 74. Qxe3+ Kxe3 75. a5 Kd2 76. a6 e4 77. a7 e3 78. a8=Q e2+ 79. Kg2 e1=Q 80.
Qa5+ 1-0

[Event "62nd ch-IND 2025"]
[Site "Guntur IND"]
[Date "2025.09.24"]
[Round "4.33"]
[White "Soham, Kamotra"]
[Black "Sharsha Backer"]
[Result "1-0"]
[WhiteTitle "IM"]
[WhiteElo "2414"]
[BlackElo "2011"]
[WhiteFideId "46647490"]
[BlackFideId "46666044"]
[EventDate "2025.09.21"]

1. Nf3 Nf6 2. b3 g6 3. Bb2 Bg7 4. g3 b6 5. Bg2 Bb7 6. O-O O-O 7. d3 d5 8. c4 e6
9. Qc2 c5 10. e3 Nc6 11. a3 Qe7 12. Nbd2 Rfd8 13. Rfe1 Rac8 14. h3 Rc7 15. Rad1
Rcd7 16. Nb1 Ne8 17. Bxg7 Kxg7 18. Nc3 d4 19. exd4 Nxd4 20. Nxd4 Rxd4 21. Bxb7
Qxb7 22. b4 Kg8 23. bxc5 bxc5 24. Re5 Qf3 25. Re3 Qc6 26. Rb1 Ng7 27. g4 f5 28.
Ne2 R4d7 29. Qc3 Qd6 30. Rb3 Rf7 31. Qe5 g5 32. Qxd6 Rxd6 33. Re5 Rb6 34. Rb5
Rd7 35. Nc1 Rxb5 36. cxb5 c4 37. Re3 f4 38. Re2 e5 39. f3 cxd3 40. Rd2 Ne6 41.
Rxd3 Nd4 42. a4 Kf7 43. Rc3 Kf6 44. Kf2 Re7 45. Rc4 Ke6 46. Na2 Rd7 47. Nc3 Nb3
48. Ne4 Rg7 49. Rc6+ Kd5 50. Ke1 Nd4 51. Nc3# 1-0

[Event "62nd ch-IND 2025"]
[Site "Guntur IND"]
[Date "2025.09.24"]
[Round "4.34"]
[White "Druvesh Dondapati"]
[Black "Ritviz, Parab"]
[Result "1/2-1/2"]
[BlackTitle "IM"]
[WhiteElo "2011"]
[BlackElo "2372"]
[WhiteFideId "33405980"]
[BlackFideId "5073367"]
[EventDate "2025.09.21"]

1. d4 Nf6 2. c4 e6 3. Nf3 d5 4. g3 c6 5. Qc2 dxc4 6. Qxc4 b5 7. Qb3 Bb7 8. Bg2
Nbd7 9. O-O Be7 10. a4 a6 11. Rd1 O-O 12. Ne5 Nxe5 13. dxe5 Nd7 14. axb5 axb5
15. Rxa8 Bxa8 16. Be3 Qc7 17. f4 Nb6 18. Nc3 b4 19. Na4 c5 20. Nxb6 Bxg2 21.
Kxg2 Qxb6 22. Qc4 Rd8 23. Ra1 g6 24. b3 Qb7+ 25. Kf2 Qd5 26. Rc1 Rc8 27. h4 Kf8
28. Qc2 h5 29. Rd1 Qc6 30. Qc4 Ke8 31. Ra1 Qd5 32. Qb5+ Kf8 33. Ra7 Qc6 34. Qxc6
Rxc6 35. Ra8+ Kg7 36. Re8 Rc7 37. Kf3 Bf8 38. f5 exf5 39. Bg5 c4 40. Bf6+ Kg8
41. bxc4 Rb7 42. c5 b3 43. c6 b2 44. cxb7 b1=Q 45. b8=Q Qe4+ 46. Kf2 Qd4+ 47.
Ke1 Qg1+ 48. Kd2 Qd4+ 49. Kc2 Qc4+ 50. Kb1 Qe4+ 51. Kc1 Qc4+ 52. Kb1 Qe4+ 53.
Ka1 Qd4+ 54. Ka2 Qa4+ 55. Kb2 Qd4+ 56. Kb3 Qd1+ 57. Kc3 Qc1+ 58. Kd3 Qd1+ 59.
Ke3 Qg1+ 60. Kd3 Qd1+ 61. Kc3 Qc1+ 62. Kb3 Qd1+ 63. Kc3 Qc1+ 64. Kd3 Qd1+ 65.
Ke3 Qg1+ 66. Kd2 Qd4+ 67. Kc2 Qc4+ 68. Kb2 Qxe2+ 69. Kc3 Qe3+ 70. Kc4 Qe2+ 71.
Kb3 Qd3+ 72. Ka4 Qa6+ 73. Kb3 Qd3+ 74. Kb2 Qd2+ 75. Kb3 Qd3+ 76. Kb2 Qd2+ 77.
Kb1 Qd1+ 78. Kb2 Qd2+ 79. Kb1 Qd1+ 80. Kb2 1/2-1/2

[Event "62nd ch-IND 2025"]
[Site "Guntur IND"]
[Date "2025.09.24"]
[Round "4.35"]
[White "Neelotpal, Das"]
[Black "Kolla Bhaavan"]
[Result "1/2-1/2"]
[WhiteTitle "GM"]
[WhiteElo "2371"]
[BlackElo "2008"]
[WhiteFideId "5003512"]
[BlackFideId "25106821"]
[EventDate "2025.09.21"]

1. d4 Nf6 2. c4 c5 3. d5 e6 4. Nc3 exd5 5. cxd5 d6 6. Nf3 g6 7. Bf4 Bg7 8. e3
O-O 9. h3 a6 10. a4 Ne8 11. Be2 Nd7 12. O-O Ne5 13. Qb3 Nxf3+ 14. Bxf3 f5 15.
Bh2 Rb8 16. Be2 Bd7 17. a5 b5 18. axb6 Qxb6 19. Qxb6 Rxb6 20. Bxa6 Rxb2 21. Rac1
Bxc3 22. Rxc3 Bb5 23. Bxb5 Rxb5 24. f3 Rf7 25. Re1 Re7 26. e4 fxe4 27. fxe4 Rb4
28. Rce3 Nf6 29. Bxd6 Rexe4 30. Bxc5 Rxe3 31. Rxe3 Rb1+ 32. Kh2 Nxd5 33. Re8+
Kf7 34. Rd8 Nf6 35. Bd4 Re1 36. Rh8 h5 37. Ra8 Re8 38. Ra7+ Re7 39. Rxe7+ Kxe7
40. Kg3 1/2-1/2

[Event "62nd ch-IND 2025"]
[Site "Guntur IND"]
[Date "2025.09.24"]
[Round "4.36"]
[White "Panda, Sambit"]
[Black "Sharma Sai"]
[Result "1/2-1/2"]
[WhiteTitle "IM"]
[WhiteElo "2368"]
[BlackElo "2004"]
[WhiteFideId "25091794"]
[BlackFideId "25179039"]
[EventDate "2025.09.21"]

1. e4 c5 2. Nf3 d6 3. Bb5+ Bd7 4. Bxd7+ Qxd7 5. O-O Nc6 6. Re1 e6 7. c3 d5 8. d3
dxe4 9. dxe4 Qxd1 10. Rxd1 Nf6 11. Re1 Be7 12. Bf4 O-O 13. Na3 Rfd8 14. h3 a6
15. Bc7 Rd3 16. Nc4 b5 17. Nce5 Nxe5 18. Nxe5 Rd2 19. Rad1 Rxb2 20. Nc6 Re8 21.
Nxe7+ Rxe7 22. Rd8+ Re8 23. Red1 Rf8 24. Bb6 h6 25. f3 Rxd8 26. Rxd8+ Kh7 27.
Bxc5 Rxa2 28. g4 Rc2 29. Bd4 a5 30. Ra8 b4 31. cxb4 axb4 32. Ra7 Kg6 33. h4 h5
34. g5 Ne8 35. Ra6 Nc7 36. Rb6 Rc4 37. Be5 Ne8 38. Kf2 f6 39. Bf4 Kf7 40. Rb7+
Kf8 41. g6 b3 42. Rxb3 e5 43. Bd2 Ke7 44. Rb8 Kd7 45. Ba5 Rc2+ 46. Kg3 Rc1 47.
Kf2 Rc2+ 48. Kf1 Rc1+ 49. Ke2 Rc5 50. Rd8+ Ke7 51. Ra8 Kd7 52. Kd3 Rc6 53. Ra7+
Ke6 54. Ke2 Rd6 55. Bb4 Rd7 56. Ra6+ Nd6 57. Ke3 Rd8 58. Bc5 Rd7 59. Kd3 Rd8 60.
Kc3 Rd7 61. Rb6 Rd8 62. Rc6 Rd7 63. Bb4 Rc7 64. Rxc7 Nb5+ 65. Kc4 Nxc7 66. Bf8
Ne8 67. Kc5 f5 68. Kc6 fxe4 69. fxe4 Nf6 70. Bxg7 Nxe4 71. Bh6 Ng3 72. Bg5 Nf5
73. Kc5 Ng7 74. Bh6 Kf6 75. Bxg7+ Kxg7 76. Kd5 Kxg6 77. Ke4 1/2-1/2

[Event "62nd ch-IND 2025"]
[Site "Guntur IND"]
[Date "2025.09.24"]
[Round "4.37"]
[White "Nayak, Rajesh"]
[Black "Sree Shaunak Chanda"]
[Result "1-0"]
[WhiteTitle "FM"]
[WhiteElo "2352"]
[BlackElo "1984"]
[WhiteFideId "35017152"]
[BlackFideId "33326150"]
[EventDate "2025.09.21"]

1. e4 e5 2. Nf3 Nc6 3. Bc4 Nf6 4. d4 exd4 5. e5 d5 6. Bb5 Nd7 7. O-O Be7 8. Bxc6
bxc6 9. Nxd4 Nb8 10. Nc3 O-O 11. Qf3 a5 12. Bf4 Bc5 13. Be3 Bxd4 14. Bxd4 Qh4
15. Rad1 Re8 16. h3 Qg5 17. Na4 Qg6 18. Qc3 Bf5 19. Rd2 Nd7 20. g4 c5 21. Nxc5
Nxc5 22. Bxc5 Bc8 23. Bd4 Rb8 24. f4 Ba6 25. f5 Qh6 26. Rff2 c5 27. Bxc5 d4 28.
Bxd4 Bb7 29. f6 Rbd8 30. Qe3 Qg6 31. Qf4 Bd5 32. b3 Be4 33. c3 Bc6 34. Qf5 Qh6
35. Qh5 Qxh5 36. gxh5 gxf6 37. Rxf6 Bb7 38. Rd3 Rd5 39. Rg3+ Kf8 40. h6 Bc8 41.
Rg7 Be6 42. Rxh7 Kg8 43. Rg7+ Kh8 44. Kf2 a4 45. b4 a3 46. Ke3 Rdd8 47. Rfxf7
Bxf7 48. Rxf7 Re6 49. h7 Rxd4 50. Rf8+ 1-0

[Event "62nd ch-IND 2025"]
[Site "Guntur IND"]
[Date "2025.09.24"]
[Round "4.38"]
[White "Vivaan Sardana"]
[Black "Priansh, Das"]
[Result "1-0"]
[BlackTitle "FM"]
[WhiteElo "2008"]
[BlackElo "2339"]
[WhiteFideId "33397694"]
[BlackFideId "45029946"]
[EventDate "2025.09.21"]

1. e4 e5 2. Nf3 Nc6 3. Bc4 Bc5 4. c3 Nf6 5. d3 d6 6. h3 Bb6 7. Nbd2 O-O 8. O-O
Ne7 9. Re1 Ng6 10. Nf1 Nh5 11. Be3 Nhf4 12. Ng3 c6 13. d4 Qf6 14. Nh5 Qd8 15.
Bxf4 exf4 16. Bb3 c5 17. Qd2 cxd4 18. Nxf4 dxc3 19. bxc3 Nxf4 20. Qxf4 Be6 21.
Red1 Bc5 22. Nd4 Qe7 23. Rab1 Rac8 24. Rd3 Kh8 25. Qf3 a6 26. Re1 b5 27. Qg3 h6
28. e5 Bxb3 29. Nf5 Qg5 30. Qxg5 hxg5 31. axb3 dxe5 32. Rxe5 f6 33. Re6 Rfe8 34.
Rxe8+ Rxe8 35. Kf1 a5 36. Rd1 a4 37. b4 Bf8 38. Nd4 Rd8 39. Ke2 a3 40. Kd3 Bd6
41. Ra1 Be5 42. Rxa3 f5 43. Ra5 Bxd4 44. cxd4 Rd5 45. Ra8+ Kh7 46. Rc8 Kg6 47.
Rc5 Rd6 48. d5 Kf6 1-0